000 00794nam a2200217Ii 4500
003 JO-AjNU
008 230605s9999||||xx |||||||||||||| ||und||
017 _a7252
040 _aJO-AjNU
_bara
_erda
_cJO-AjNU
041 _aara
050 1 4 _aHF5415.2013
100 3 _aاعداد علي سعد محمد داود,
_eauthor
_943897
245 0 0 _aادارة التسويق
264 3 1 _aالاسكندرية:دار التعليم الجامعي؛2013
300 _a69ص
336 _atext
_btxt
_2rdacontent
337 _aunmediated
_bn
_2rdamedia
338 _avolume
_bnc
_2rdacarrier
490 0 _aاكاديمية السادات للعلوم الادارية:موسوعة التدريب في التنمبة الادارية كتاب رقم؛5
650 4 _aادارة التسويق
_943898
999 _aA18908
_c22476
_d22476